| 000 | 00000nam##2200000za#4500 |
| 001 | 9.639829 |
| 003 | CaOODSP |
| 005 | 20220107134005 |
| 007 | cr ||||||||||| |
| 008 | 150407|1995||||xxc|||||o f|0| 0 fre|d |
| 040 | |aCaOODSP|bfre |
| 043 | |an-cn--- |
| 086 | 1 |aH72-21/139-1995F-PDF |
| 110 | 2 |aCentre national d'information sur la violence dans la famille (Canada) |
| 245 | 10|aExamen de la relation entre les antécédents de mauvais traitements et les comportements à risque chez les adolescents / |h[ressource électronique]|c[par] Ian G. Manion et Susan Kaye Wilson |
| 260 | |aOttawa - Ontario : |bSanté Canada. |c[1995]. |
| 300 | |a41p.|bgraphiques, références, tableaux |
| 500 | |aLe n° de catalogue (H72-21/139-1995F) et l'ISBN (0-662-80541-0) de l'édition imprimée ont été incorrectement copiés dans l'édition électronique. |
| 590 | |a12-13-Supp|b2012-04-03 |
| 720 | 1 |aManion, Ian G. |
| 720 | 1 |aWilson, Susan K. |
| 775 | 08|tAn examination of the association between histories of maltreatment and adolescent risk behaviours / |w(CaOODSP)9.695700 |
| 776 | 0#|tExamen de la relation entre les antécédents de mauvais traitements et les comportements à risque chez les adolescents / |w(CaOODSP)9.679610 |
| 856 | 40|ahttp://publications.gc.ca|qPDF|s2.83 Mo|uhttps://publications.gc.ca/collections/Collection/H72-21-139-1995F.pdf |